The art of electronics

Sparad:
Bibliografiska uppgifter
Huvudupphovsmän: Horowitz, Paul (Författare, medförfattare), Hill, Winfield (Författare, medförfattare)
Materialtyp: Bok
Språk:engelska
Publicerad: Nueva York Cambridge University 1989
Upplaga:2a. ed
Ämnen:
Taggar: Lägg till en tagg
Inga taggar, Lägg till första taggen!

MARC

LEADER 00000cam a2200000 a 4500
001 UCE6888
003 CL-VaPUC
008 150514e19890000us |||||||||||||||||eng|d
020 |a 9780521370950 
082 0 4 |a 621.381  |b HOR  |2 21 
100 |a Horowitz, Paul  |e author  |9 579563 
700 0 |a Hill, Winfield  |e author  |9 579564 
245 1 4 |a The art of electronics 
250 |a 2a. ed 
300 |a 1125 p 
942 |c BK 
945 |d 20150514 13:01:00  |a cmena 
260 |a Nueva York  |b Cambridge University  |c 1989 
650 0 |a Electrónica   |9 263192 
650 0 |a Circuitos electrónicos  |9 260204 
650 7 |a DISPOSITIVOS SEMICONDUCTORES  |2 CL-VaPUC  |9 361201 
650 0 |a Transistores  |9 260330 
650 0 |a Microcomputadores  |9 263190 
650 0 |a Reguladores de voltaje  |9 263531 
650 0 |a Diseño de circuitos electrónicos  |9 263441 
583 |a last modification  |c 20150514 13:01:00  |k Rodrigo Vera 
999 |c 359067  |d 359065 
952 |0 0  |1 0  |2 ddc  |3 erd  |4 0  |6 621_381000000000000_HOR_1989  |7 0  |8 A  |9 468085  |a BIBING  |b BIBING  |i 5149983  |l 2  |o 621.381 HOR 1989  |p 5149983  |r 2025-01-20  |s 2024-06-28  |w 2019-11-23  |y BK  |z Catalogado en:20150514  |k FIS 
952 |0 0  |1 0  |3 erd  |4 0  |6 621_381000000000000_HOR_1989  |7 0  |8 A  |9 468086  |a BIBCUR  |b BIBCUR  |i 5149991  |l 2  |o 621.381 HOR 1989  |p 5149991  |r 2025-04-22  |s 2025-03-26  |w 2019-11-23  |y BK  |z Catalogado en:20150514  |k FIS